| 000 | 00466 a2200157 4500 | ||
|---|---|---|---|
| 020 | _a0071145052 | ||
| 020 | _a0070433607 | ||
| 040 |
_aDLC _bDLC |
||
| 245 | 0 | 0 |
_aAccounting: the basis for business decisions _bthe basis for business decisions _cRobert F. Meigs |
| 250 | _a10th ed. | ||
| 260 | 0 |
_aNew York _b: McGraw-Hill _c, c1996. |
|
| 300 |
_axxxiii, 1096 p. _b: col. ill. _c; 29 cm. |
||
| 650 | 0 | _aAccounting. | |
| 700 | 1 | 1 | _aMeigs, Robert F. |
| 942 |
_cBK _k657 MEI _2ddc |
||
| 999 |
_c4722 _d4722 |
||